000 00908cam a22002535i 4500
001 19201658
003 OSt
005 20170207102300.0
008 160802s2016 nyu 000 0 eng
010 _a 2016949560
020 _a9783319412368
040 _aDLC
_beng
_cDLC
_erda
_dDLC
042 _apcc
100 _aLal Rattan et all
245 0 0 _aClimate change and multi-dimensional sustainability in African agriculture.
263 _a1609
300 _apages cm
856 4 2 _3Contributor biographical information
_uhttps://www.loc.gov/catdir/enhancements/fy1621/2016949560-b.html
856 4 2 _3Publisher description
_uhttps://www.loc.gov/catdir/enhancements/fy1621/2016949560-d.html
856 4 1 _3Table of contents only
_uhttps://www.loc.gov/catdir/enhancements/fy1621/2016949560-t.html
906 _a0
_bibc
_corignew
_d2
_eepcn
_f20
_gy-gencatlg
942 _2lcc
_cBK
999 _c255341
_d255340